000 00703nam a22002537a 4500
001 BR6002823
003 BR-BrBNA
005 20230928083138.0
007 ta
008 230509b bl.||||| |||| 00| 0 por d
040 _aBR-BrBNA
_bpor
_cBiblioteca Nacional de Agricultura
041 _a(Por)
072 _aE10; E50
_b/G514
090 _ E10 BR6002823
100 1 _aOliveira, A.G. de
245 1 _aDiretrizes de uma reforma agraria. Aspectos economicos-sociais do problema rural [Brasil]
260 3 _aVicosa, MG (Brasil):
_c1951.
300 _a106 p.
500 _a40 ref.
650 _aReforma agraria
650 _aComunidade rural
909 _a202309
_bLucia
_c55
_dLucia Elande
942 _cBK
999 _c11813
_d11813